Studies in the modern history of classical scholarship
Guardat en:
| Autor principal: | |
|---|---|
| Format: | Llibre |
| Idioma: | anglès |
| Publicat: |
Nápoles
Jovene
1984
|
| Col·lecció: | Antiqva, 27
|
| Matèries: | |
| Etiquetes: |
Afegir etiqueta
Sense etiquetes, Sigues el primer a etiquetar aquest registre!
|
MARC
| LEADER | 00000nam a2200000 a 4500 | ||
|---|---|---|---|
| 001 | UCV2281 | ||
| 003 | CL-VaPUC | ||
| 008 | 920421e19840000IT |||||||||||||||||eng|d | ||
| 082 | 0 | 4 | |a 370 |b CAL |2 21 |
| 100 | 0 | |a Calder, William M |e author |9 296557 | |
| 245 | 1 | 0 | |a Studies in the modern history of classical scholarship |
| 300 | |a 324 p | ||
| 942 | |c BK | ||
| 945 | |d 19920421 00:00:00 | ||
| 260 | |a Nápoles |b Jovene |c 1984 | ||
| 650 | 0 | |a Historia de la educación |9 257642 | |
| 650 | 7 | |a ERUDICION |2 CL-VaPUC |9 257643 | |
| 583 | |a last modification |c 20170913 01:14:46 |k Rodrigo Vera | ||
| 490 | 0 | |a Antiqva, 27 | |
| 999 | |c 209922 |d 209920 | ||
| 952 | |0 0 |1 0 |4 0 |6 370_000000000000000_CAL_1984 |7 0 |8 DER_ROM |9 185816 |a BIBDER |b BIBDER |d 2019-11-14 |i 253245K |l 1 |o 370 CAL 1984 |p 253245K |r 2023-01-25 |s 2020-03-19 |w 2019-11-14 |x Ubicación 4to piso |y BK |z Este recurso debe solicitarse con anticipación |k DER | ||